| 000 | 00946nam a2200241 a 4500 | ||
|---|---|---|---|
| 001 | 000006248 | ||
| 005 | 20240307073944.0 | ||
| 008 | 090827s1981 dr d 000 0 spa d | ||
| 040 |
_aDO-SdBNP _bspa _cBNPHU |
||
| 082 |
_a370.97293 _bM516e |
||
| 100 | 1 |
_a Mejía-Ricart G., Tirso, _d1936-2021 _q(Mejía-Ricart Guzmán) _91569 |
|
| 245 | 1 | 3 |
_aLa educación dominicana 1961-1980 / _cTirso Mejía-Tirso. |
| 260 |
_aSanto Domingo : _bUASD, _c1981. |
||
| 300 |
_a290 p. ; _c21 cm. |
||
| 490 | 1 |
_aEducación y sociedad _vv. 17 |
|
| 650 | 4 |
_aEducación _zRepública Dominicana _xHistoria _y1961-1980 _917449 |
|
| 650 | 4 |
_aSociología educativa _zRepública Dominicana _917450 |
|
| 650 | 4 |
_aEducación y estado _zRepública Dominicana _911794 |
|
| 651 | 4 |
_aRepública Dominicana _xPolítica Económica _9643 |
|
| 710 | 1 |
_aUniversidad Autónoma de Santo Domingo _972951 |
|
| 830 | 0 |
_aEducación y sociedad _n17 _917451 |
|
| 910 | _aValidado. Control de calidad MFF | ||
| 999 |
_c6043 _d6043 |
||